Word Scramble - European Countries - Statistics

General Stats
  • This quiz has been taken 265 times
    194 since last reset
  • The average score is 15 of 16
Answer Stats
Gibberish Country % Correct
lbugriaa Bulgaria
100%
fandlin Finland
100%
cenfra France
100%
ymregan Germany
100%
onacom Monaco
100%
landpo Poland
100%
manroia Romania
100%
iassur Russia
100%
pians Spain
100%
intedu ingkmod United Kingdom
100%
naywor Norway
95%
eeegrc Greece
94%
lndaiwsztre Switzerland
94%
liumbeg Belgium
93%
ltiya Italy
93%
hterensdaln Netherlands
93%
vkslaiao Slovakia
93%
losnivea Slovenia
93%
sovoko Kosovo
92%
dewens Sweden
90%
makrdne Denmark
89%
lirdena Ireland
88%
striau Austria
87%
glauortp Portugal
85%
nomrognete Montenegro
84%
aisber Serbia
83%
lusbera Belarus
67%
canelid Iceland
56%
No matching quizzes found
Score Distribution
Percent of People with Each Score
Percentile by Number Answered
Your Score History
You have not taken this quiz since the last reset